000
00229nam a2200097 a 4500
005
20200930030440.0
008
110325s1950 000 spa d
245
0
_a
Archivo del General Miranda.
260
_c
1950.
999
_c
26340
_d
26340
040
_a
DO-SdBNP